|
|
|
|
| LEADER |
01604nam a2200385 a 4500 |
| 001 |
30282 |
| 003 |
BD-DhAAL |
| 005 |
20230525140726.0 |
| 008 |
151125r20151991enk b 001 0 eng |
| 010 |
|
|
|a 90001453
|
| 020 |
|
|
|a 9780521391856 hardback
|
| 020 |
|
|
|a 9780521398374 paperback
|
| 020 |
|
|
|a 0521391857
|
| 020 |
|
|
|a 0521398371 (pbk.)
|
| 040 |
|
|
|a DLC
|c DLC
|d DLC
|d BD-DhAAL
|
| 041 |
1 |
|
|a eng
|
| 050 |
0 |
0 |
|a JC181
|b .K29513 1990
|
| 082 |
0 |
0 |
|a 320.01
|2 20
|
| 100 |
1 |
|
|a Kant, Immanuel,
|d 1724-1804.
|9 12762
|
| 240 |
1 |
0 |
|a Works.
|k Selections.
|l English.
|f 1991
|
| 245 |
1 |
0 |
|a Kant :
|b political writings /
|c edited with an introduction and notes by Hans Reiss ; translated by H.B. Nisbet.
|
| 250 |
|
|
|a 2nd, enl. ed.
|
| 260 |
|
|
|a Cambridge [England] ;
|a New York :
|b Cambridge University Press,
|c 1991 [28th printing 2015]
|
| 300 |
|
|
|a xv, 311 p. ;
|c 23 cm.
|
| 490 |
|
0 |
|a Cambridge texts in the history of political thought
|
| 504 |
|
|
|a Includes bibliographical references (p. 286-299) and indexes.
|
| 541 |
|
|
|e 30282
|
| 650 |
|
0 |
|a Political science
|x Early works to 1800.
|9 16507
|
| 700 |
1 |
|
|a Reiss, Hans Siegbert.
|9 16508
|
| 740 |
0 |
|
|a Political writings.
|
| 856 |
4 |
2 |
|3 Publisher description
|u http://www.loc.gov/catdir/description/cam024/90001453.html
|
| 856 |
4 |
1 |
|3 Table of contents
|u http://www.loc.gov/catdir/toc/cam028/90001453.html
|
| 942 |
|
|
|2 ddc
|c BK
|
| 999 |
|
|
|c 36297
|d 36297
|
| 952 |
|
|
|0 0
|1 0
|2 ddc
|4 0
|6 320_010000000000000_KAN
|7 0
|9 57057
|a BRACUL
|b BRACUL
|c GEN
|d 2015-11-25
|e Karim International
|g 1880.00
|l 4
|m 34
|o 320.01 KAN
|p 3010030282
|q 2026-09-14
|r 2026-01-18
|s 2026-01-18
|t 1
|w 2015-11-25
|y BK
|